| 000 | 00588nam a22002057a 4500 | ||
|---|---|---|---|
| 003 | OSt | ||
| 005 | 20170407185249.0 | ||
| 008 | 170327b xxu||||| |||| 00| 0 eng d | ||
| 020 | _a9781848290150 | ||
| 040 | _cDMLN | ||
| 082 | _aQV746 K11p 2009 | ||
| 100 |
_aKatare, Deepshikha; Ahmad, Altaf; Aeri, Vidhu _911964 |
||
| 245 | _aPharmaceutical Biotechnology: basic and applications | ||
| 260 | _aUK; Anshan Ltd, 2009 | ||
| 300 | _axi,331p; ill: 25cm | ||
| 504 | _aReferences, & index included | ||
| 650 |
_aPharmaceutical _98988 |
||
| 650 |
_aBiotechnology _94840 |
||
| 942 |
_2z _cSLOAN |
||
| 999 |
_c5750 _d5750 |
||